Statistiques concernant Laissons-le-Le Lorax, paroles

Cliquez ici pour prendre le quiz!

Statistiques générales

  • Ce quiz a été pris 7 fois
  • Le résultat moyen est 180 sur 275

Statistiques - réponses

Réponse% Correct
A
100%
a
100%
à
100%
André
100%
chez
100%
je
100%
Je
100%
Mais
100%
mais
100%
m'appelle
100%
Oh
100%
O'Hare
100%
O'Hare,
100%
pas,
100%
pas
100%
Pour
100%
pour
100%
Tu
100%
vous
100%
ai
67%
Alors
67%
Alors,
67%
ans
67%
arbres
67%
au
67%
besoin
67%
bien
67%
bon
67%
brille
67%
ça
67%
cafard!
67%
ce
67%
c'est
67%
(c'est
67%
Cette
67%
cieux
67%
c'n'est
67%
Comme
67%
comme
67%
Dan
67%
dans
67%
de
67%
De
67%
demain
67%
demi
67%
des
67%
dis:
67%
dis
67%
en
67%
espère
67%
essayer
67%
est
67%
et
67%
Et
67%
étaient
67%
fils
67%
graine
67%
J'aimerais
67%
j'en
67%
j'mappelle
67%
J'suis
67%
j'suis
67%
J'travaille
67%
jusqu'aux
67%
j'veux
67%
la
67%
La
67%
l'air
67%
laissez-le
67%
laissez-le!
67%
Laissez-le,
67%
Laissez-le
67%
Laissons-le,
67%
laissons-le
67%
lala
67%
le
67%
l'écrase
67%
l'écrase,
67%
les
67%
li
67%
libre
67%
l'infini
67%
livrer
67%
loin
67%
lumière
67%
mamie
67%
Marie
67%
Marion
67%
m'connais
67%
m'étonne
67%
moi,
67%
Moi,
67%
moi
67%
mon
67%
monde
67%
ne
67%
néon
67%
Non!
67%
Norma
67%
notre
67%
on
67%
oui,
67%
oui
67%
partout
67%
payait
67%
personne.
67%
personne
67%
petite
67%
plus
67%
Pousser
67%
que
67%
qui
67%
rien
67%
sauver
67%
(s'épanouir)
67%
suis
67%
sur
67%
sûrs
67%
temps
67%
Terre
67%
terre
67%
Thneedville
67%
tout
67%
Tout
67%
toute
67%
trois
67%
un
67%
Une
67%
une toute
67%
vieille
67%
voir
67%
Y'a
67%
avec
33%
beaucoup
33%
changer
33%
chemin
33%
chercher
33%
destin
33%
D'imaginer
33%
du
33%
être
33%
grand
33%
hein?
33%
heureux
33%
Il
33%
jardin
33%
l'coup
33%
l'écrabouille
33%
merveilleux
33%
n'est
33%
n'être
33%
nouveau
33%
prendre
33%
presque
33%
puis...
33%
qu'on
33%
Qu'on
33%
sale
33%
tant
33%
T'es
33%
jour)
0%
peut-être
0%
(resplendir)
0%
s'élever
0%
s'panouir
0%
transformer
0%

Distribution des résultats

Percentile par nombre de réponses

% des personnes avec chaque résultat

Votre développement - résultats

Vous n’avez pas pris ce quiz